Partnerstvá verejného a súkromného sektora v sociálnych a zdravotníckych službách - možnosti presumu rizík na súkromný sektor

Problematika starnúcej populácie vo väčšine štátov OECD je dnes dobre známa. Rovnako dobre sú známe riziká, ktoré táto skutočnosť prináša verejným sociálnym a zdravotným systémom, a to predovšetkým PAYG systémom. Viac ako v minulosti sa preto dnes ekonómovia zaoberajú otázkou zabezpečenia finančnej...

Descrizione completa

Salvato in:
Dettagli Bibliografici
Autore principale: Peter, Radoslav
Altri autori: Kristeľ, Marián
Natura: Capitolo di libro
Lingua:slovacco
Soggetti:
Tags: Aggiungi Tag
Nessun Tag, puoi essere il primo ad aggiungerne!!

MARC

LEADER 00000nla$a2200000$$$4500
001 0110404
005 20240502072222.4
041 0 |a slo 
044 |a SK 
245 1 0 |a Partnerstvá verejného a súkromného sektora v sociálnych a zdravotníckych službách - možnosti presumu rizík na súkromný sektor  |c Radoslav Peter, Marián Kristeľ 
520 |a Problematika starnúcej populácie vo väčšine štátov OECD je dnes dobre známa. Rovnako dobre sú známe riziká, ktoré táto skutočnosť prináša verejným sociálnym a zdravotným systémom, a to predovšetkým PAYG systémom. Viac ako v minulosti sa preto dnes ekonómovia zaoberajú otázkou zabezpečenia finančnej životaschopnosti systémov zdravotníctva a sociálnych služieb, pri zachovani určitých štandardov kvality a dostupnosti. Reakciou na tieto výzvy sú reformy, charakteristické predovšetkým zapájaním súkromného sektora (a súkromného kapitálu) do oblasti, ktoré boli pred niekoľkými rokmi výhradne doménou štátu. Príspevok sa venuje možnostiam prenosu rizík plynúcich z demografického vývoja na súkromný sektor. 
610 2 0 |a sektor súkromný 
610 2 0 |a sektor verejný 
610 2 0 |a partnerstvo verejno-súkromné 
610 2 0 |a financie verejné 
610 2 0 |a riziko 
610 2 0 |a riadenie 
610 2 0 |a zdravotníctvo 
610 2 0 |a služby sociálne 
610 2 0 |a starnutie populácie 
100 1 |a Peter, Radoslav 
700 1 |a Kristeľ, Marián